| 000 | 003450000a22000970004500 | ||
|---|---|---|---|
| 100 | 1 | _aIriarte, Alfredo (1932- ) | |
| 245 | 1 | 0 | _aLo que va de ayer a hoy : Escándalos, sectarismos y chismes políticos en la historia de la Presidencia de la República |
| 300 | _aVol. 60, Num. 60 (Agosto, 1994), Páginas 38-39 | ||
| 773 | 0 | _tCambio 16 | |
| 942 | _cANA | ||
| 999 |
_c58571 _d58571 |
||